Central Library and Information Centre
Sibsagar Girls' College, Sivasagar : Assam

ENVIRONMENTAL ECONOMICS (Record no. 12855)

MARC details
000 -LEADER
fixed length control field 00436cam a2200181ua 4500
008 - FIXED-LENGTH DATA ELEMENTS--GENERAL INFORMATION
fixed length control field 120407n2002 II |||gr||||Z||||||eng
040 ## - CATALOGING SOURCE
Original cataloging agency MAIN
041 ## - LANGUAGE CODE
-- English
082 ## - DEWEY DECIMAL CLASSIFICATION NUMBER
Classification number 330 SAN
100 ## - MAIN ENTRY--PERSONAL NAME
Personal name SANKAR, ULGANATHAN.
245 ## - TITLE STATEMENT
Title ENVIRONMENTAL ECONOMICS
260 ## - PUBLICATION, DISTRIBUTION, ETC.
Place of publication, distribution, etc. NEW DELHI
Name of publisher, distributor, etc. OXFORD UNIVERSITY PRESS
Date of publication, distribution, etc. 2002
300 ## - PHYSICAL DESCRIPTION
Extent 469.:
Dimensions 20CM.
700 ## - ADDED ENTRY--PERSONAL NAME
Personal name KOLSTAD, CHARLES D.
942 ## - ADDED ENTRY ELEMENTS (KOHA)
Koha item type Books
653 ## - INDEX TERM--UNCONTROLLED
Uncontrolled term Economics
Holdings
Withdrawn status Lost status Damaged status Not for loan Collection code Home library Current library Shelving location Date acquired Full call number Barcode Date last seen Copy number Price effective from Koha item type Public note
        TBECO Central Library and Information Centre Sibsagar Girls College Central Library and Information Centre Sibsagar Girls College Economics Rack 23.07.2003 330 SAN 18220 27.02.2020 1 27.02.2020 Books  
        TBECO Central Library and Information Centre Sibsagar Girls College Central Library and Information Centre Sibsagar Girls College ECONOMICS BOOK RACK 23.07.2003 330 SAN 18221 27.02.2020 2 27.02.2020 Books V
        TBECO Central Library and Information Centre Sibsagar Girls College Central Library and Information Centre Sibsagar Girls College ECONOMICS BOOK RACK 23.07.2003 330 SAN 18222 27.02.2020 3 27.02.2020 Books V


Sibsagar Girl's College © 2020. All rights reserved.
Powered by Koha.
Maintained by Abhijit Borpuzari.